000 00526nam a22002057a 4500
001 27997
003 BD-RjUL
005 20211209051227.0
008 140329b1896 unk||||| |||| 00| 0 eng d
035 _a(BD-RjUL)27078
040 _aBD-RjUL
_beng
_cBD-RjUL
041 _aeng
082 _a820
_bLIP 1896
100 _aLiddell, M. H.
_985873
245 _aPalladius on husbendrie /
_cM. H. Liddell
260 _aLondon :
_btruner & co. ,
_c1896
300 _a33 p. ;
_c24 cm.
650 _aLiterature
_985874
942 _2ddc
_cBK
999 _c27997
_d27997